<?xml version="1.0" encoding="UTF-8"?>
<collection xmlns:xsi="http://www.w3.org/2001/XMLSchema-instance" xsi:schemaLocation="http://www.loc.gov/MARC21/slim http://www.loc.gov/standards/marcxml/schema/MARC21slim.xsd" xmlns="http://www.loc.gov/MARC21/slim">
 <record>
  <leader>00000cam a22000004a 4500</leader>
  <controlfield tag="001">UP-99796217607537567</controlfield>
  <controlfield tag="003">Buklod</controlfield>
  <controlfield tag="005">20230503092542.0</controlfield>
  <controlfield tag="006">m    |o  d |      </controlfield>
  <controlfield tag="007">ta</controlfield>
  <controlfield tag="008">030123s1977    xx      r    |||| u|tag d</controlfield>
  <datafield tag="035" ind1=" " ind2=" ">
   <subfield code="a">(iLib)UPD-00000479821</subfield>
  </datafield>
  <datafield tag="040" ind1=" " ind2=" ">
   <subfield code="a">DMLSP</subfield>
  </datafield>
  <datafield tag="041" ind1=" " ind2=" ">
   <subfield code="a">tag</subfield>
  </datafield>
  <datafield tag="090" ind1=" " ind2=" ">
   <subfield code="a">FOR REVISION</subfield>
   <subfield code="b">B4F-4</subfield>
  </datafield>
  <datafield tag="100" ind1="1" ind2=" ">
   <subfield code="a">Landicho, Domingo G.</subfield>
  </datafield>
  <datafield tag="245" ind1="1" ind2="0">
   <subfield code="a">Paglalakbay at iba pang tula.</subfield>
  </datafield>
  <datafield tag="264" ind1=" " ind2="1">
   <subfield code="a">s.l.</subfield>
   <subfield code="b">s.n.</subfield>
   <subfield code="c">1977</subfield>
  </datafield>
  <datafield tag="300" ind1=" " ind2=" ">
   <subfield code="a">101 leaves</subfield>
  </datafield>
  <datafield tag="490" ind1="1" ind2=" ">
   <subfield code="a">Domingo G. Landicho Collection</subfield>
  </datafield>
  <datafield tag="500" ind1=" " ind2=" ">
   <subfield code="a">Typescript (carbon)</subfield>
  </datafield>
  <datafield tag="505" ind1="0" ind2=" ">
   <subfield code="a">Ako'y Pilipino.--Aming Agosto.--Andres Bonifacio.--Awit kay Bathala.--Awit Pilipino.--Awit tagalupa.--Bandurya ni Laura.--Bathalang ama.--Bilanggo.--Bugtong.--Buhay.--Buwan ng taggutom.--Claro Mayo Recto.--Daigdig.--Diyos -- ako.--Gaano kita iniibig.--Gabi.--Gahibla sa kawalang hanggan.--Gamu-gamo.--Halik.--Hindi na ako nakikinig sa awit ng mga anghel.--Huwag, huwag mong awitan ang aming sanggol na si Jose Antonio sa kanyang pag-alis.--Ikaw at ang pasko sa akin.--Isang gabi sa Sheraton, tabak sa panganorin.--Kaawa-awa ang bulaklak.--Kahulugan.--Kalansay sa belen.--Kaming nangamatay, kayong nabubuhay.--Katanghalian.--Kay Bayani.--Kung ako'y papanaw.--Ang lahi.--Larawan.--Laya.--Lunday.--Lunes ng umaga.--Maasim na matamis.--Makabagong paglalakbay ni Hesus.--Makahiya.--Maynila.--Mga kaawa-awa.--Nakakita ako ng ulap.--Nakakita ka ba ng puting rosas sa gitna ng init at ulan.--Oda sa halamang bilanggo sa pasong taniman.--Onomatopeya.--Paalam, ina.--Paghahanap.--Paghihintay.--Pagkagapi.--Paglalakbay.--Pagsusuri sa oil kanbas ni Paquing Verano.--Pamilya.--Pananalamin.--Panginoon namin.--Saan ang hanggahan.--Sambalilong buli.--Sasabungin.--Sa ikadalawampu't pitong pagsilang ng biyuin sa langit ng aking mahal.--Sa isang ulirang hindi nag-asawa.--Sigwa.--Ang tao at ang buwan.--Tao : siglo 2000 AD.--Tinig.--Tinig ng kawal.--Tula.--Tunay na tao sa tunay na langit.--Umaawit ka.--Unang tula sa makatang si Rio Alma.--Uod sa kalansay ng talulot.--Watawat.</subfield>
  </datafield>
  <datafield tag="655" ind1=" " ind2="0">
   <subfield code="a">Tagalog poetry.</subfield>
  </datafield>
  <datafield tag="842" ind1=" " ind2=" ">
   <subfield code="a">Book</subfield>
  </datafield>
  <datafield tag="905" ind1=" " ind2=" ">
   <subfield code="a">SP</subfield>
  </datafield>
  <datafield tag="950" ind1=" " ind2=" ">
   <subfield code="a">Textual</subfield>
  </datafield>
  <datafield tag="852" ind1="0" ind2=" ">
   <subfield code="a">UPD</subfield>
   <subfield code="b">DMLSP</subfield>
   <subfield code="h">FOR REVISION B4F-4</subfield>
  </datafield>
  <datafield tag="942" ind1=" " ind2=" ">
   <subfield code="a">Book</subfield>
  </datafield>
 </record>
</collection>
